Statistics for Subdivision capitals closest to Kruševac (RS)

Click here to take the quiz!

General Stats

  • This quiz has been taken 2 times
  • The average score is 10 of 20

Answer Stats

Distance (km)Answer% Correct
11103Priština/Prishtina
100%
783Bor
50%
1086Čačak
50%
144Jagodina
50%
986Kosovska Mitrovica/Mitrovica
50%
558Kragujevac
50%
354Kraljevo
50%
683Leskovac
50%
454Niš
50%
20133Peć/Peja
50%
12112Pirot
50%
13116Požarevac
50%
244Prokuplje
50%
17125Rožaje
50%
16124Smederevo
50%
14123Užice
50%
19132Vidin
50%
15123Vranje
50%
885Zaječar
50%
18125Gnjilane/Gjilan
0%

Score Distribution

Percentile by Number Answered

Percent of People with Each Score

Your Score History

You have not taken this quiz